[Event "NAYCC U10 w"]
[Site "Montreal CAN"]
[Date "2010.08.17"]
[Round "4"]
[White "Gao, Christine"]
[Black "Lu, Daisy"]
[Result "1-0"]
[WhiteElo "652"]
[BlackElo "1162"]
[PlyCount "127"]
[EventDate "2010.08.16"]
[EventType "swiss"]
[EventRounds "7"]
[EventCountry "CAN"]

1. e4 e5 2. Nf3 Nc6 3. d4 exd4 4. Nxd4 Bc5 5. Be3 Ne5 6. Nc3 Nf6 7. Be2 d5 8.
exd5 Nxd5 9. Nxd5 Qxd5 10. Nf3 Nxf3+ 11. Bxf3 Qc4 12. Bxc5 Qxc5 13. O-O O-O 14.
Re1 Bf5 15. c3 Rad8 16. Qb3 Rd2 17. Re3 h6 18. Qxb7 Bc8 19. Qb3 Be6 20. Qa3 Qg5
21. Qxa7 Qh4 22. g3 Qh3 23. Bg2 Qf5 24. Rf3 Qe5 25. Qe3 Qd5 26. b3 Rd1+ 27.
Rxd1 Qxd1+ 28. Bf1 Bh3 29. Qe2 Qxe2 30. Bxe2 Ra8 31. a4 Ra5 32. Re3 Rd5 33. g4
Rd2 34. Rxh3 Rxe2 35. Re3 Rb2 36. b4 Ra2 37. a5 c5 38. Kg2 Ra3 39. Kf3 cxb4 40.
cxb4 Ra4 41. Rb3 g6 42. Ke4 h5 43. gxh5 f5+ 44. Ke3 gxh5 45. h3 Ra2 46. b5 Rxa5
47. b6 Ra8 48. b7 Rb8 49. Kd4 Rd8+ 50. Kc5 Rb8 51. Kd6 h4 52. Kc7 Rxb7+ 53.
Rxb7 f4 54. Rb4 f3 55. Rxh4 Kg7 56. Rg4+ Kh6 57. Rf4 Kh5 58. Rxf3 Kh4 59. Re3
Kh5 60. f4 Kg6 61. Rf3 Kf6 62. h4 Kg7 63. f5 Kf7 64. h5 1-0

[Event "NAYCC U10 w"]
[Site "Montreal CAN"]
[Date "2010.08.17"]
[Round "4"]
[White "Lim, Lilianne"]
[Black "Nazarov, Stephanie"]
[Result "0-1"]
[WhiteElo "319"]
[BlackElo "979"]
[PlyCount "54"]
[EventDate "2010.08.16"]
[EventType "swiss"]
[EventRounds "7"]
[EventCountry "CAN"]

1. e4 e5 2. Nf3 Nc6 3. Nc3 Nf6 4. d3 Bb4 5. a3 Ba5 6. Be3 d5 7. exd5 Nxd5 8.
Bg5 f6 9. Bh4 Nxc3 10. bxc3 Bxc3+ 11. Nd2 Bxa1 12. Qxa1 Nd4 13. c3 Nc2+ 14. Kd1
Nxa1 15. Be2 Be6 16. Bh5+ g6 17. Bf3 Nb3 18. Nxb3 Bxb3+ 19. Kd2 Qd6 20. Bg3
O-O-O 21. d4 f5 22. Bh4 Rd7 23. Re1 exd4 24. cxd4 Qxd4+ 25. Ke2 Re8+ 26. Be4
Qxe4+ 27. Kf1 Qxe1# 0-1

[Event "NAYCC U10 w"]
[Site "Montreal CAN"]
[Date "2010.08.17"]
[Round "4"]
[White "Liu, Jiaxin (Dora)"]
[Black "Palakollu, Samritha"]
[Result "0-1"]
[WhiteElo "1221"]
[BlackElo "1500"]
[PlyCount "126"]
[EventDate "2010.08.16"]
[EventType "swiss"]
[EventRounds "7"]
[EventCountry "CAN"]

1. e4 e5 2. Nf3 Nc6 3. Bc4 Bc5 4. O-O d6 5. h3 Nf6 6. d3 h6 7. Nc3 O-O 8. Be3
Bb6 9. Qd2 Ba5 10. Rad1 Be6 11. Bb3 d5 12. exd5 Bxd5 13. Qe2 Bxb3 14. cxb3 Re8
15. Qc2 Nd4 16. Bxd4 exd4 17. Ne2 Bb6 18. Ng3 Nd5 19. a3 Re6 20. Rfe1 Qd7 21.
Rxe6 Qxe6 22. Re1 Qd7 23. b4 Nf4 24. Re4 Ne6 25. Rg4 Rc8 26. Nh5 Kh8 27. Ne5
Qe7 28. Qe2 Re8 29. f4 Nxf4 30. Nxf4 Qxe5 31. Qxe5 Rxe5 32. h4 Re1+ 33. Kh2 c6
34. Nh5 Bc7+ 35. g3 g6 36. Nf6 Re2+ 37. Kh3 Rxb2 38. Rxd4 Be5 39. Rd8+ Kg7 40.
Nd7 Bc7 41. Rc8 Bd6 42. Rd8 Rb3 43. Nb8 Be5 44. Nd7 Rxd3 45. Re8 Bxg3 46. Nc5
Rxa3 47. Nxb7 Be1+ 48. Kg4 h5+ 49. Kf4 Bd2+ 50. Ke4 Re3+ 51. Kd4 Rxe8 52. Kc5
f5 53. Kxc6 Bxb4 54. Kb5 a5 55. Ka4 f4 56. Nxa5 Bxa5 57. Kxa5 f3 58. Kb6 f2 59.
Kc6 f1=Q 60. Kc5 Qd1 61. Kc4 Rc8+ 62. Kb4 Qb1+ 63. Ka3 Ra8# 0-1

[Event "NAYCC U10 w"]
[Site "Montreal CAN"]
[Date "2010.08.17"]
[Round "4"]
[White "Liu (Runjie), Jennifer"]
[Black "Zhao, Jiayun"]
[Result "0-1"]
[WhiteElo "1131"]
[BlackElo "549"]
[PlyCount "74"]
[EventDate "2010.08.16"]
[EventType "swiss"]
[EventRounds "7"]
[EventCountry "CAN"]

1. e4 e5 2. Nf3 Nc6 3. Nc3 Nf6 4. Bc4 Be7 5. Ng5 O-O 6. h4 d6 7. Nd5 Bg4 8. Nf3
Nxe4 9. d3 Nf6 10. Be3 Nd4 11. O-O Nxf3+ 12. gxf3 Bh3 13. Re1 Nxd5 14. Bxd5 c6
15. Bb3 Bxh4 16. f4 Qf6 17. Qf3 Qg6+ 18. Kh2 Bf5 19. Rg1 Qf6 20. Raf1 Rfe8 21.
Kh1 e4 22. Qg2 exd3 23. cxd3 Bxd3 24. Rd1 Be4 25. f3 Bf5 26. Qe2 Qe7 27. Rd3
Bxd3 28. Qxd3 Qxe3 29. Qf1 Qxf4 30. Rg4 Qf6 31. Qh3 Re1+ 32. Rg1 Rxg1+ 33. Kxg1
Qg5+ 34. Kh1 Qg3 35. Qf1 Re8 36. Qg2 Re1+ 37. Qg1 Qxg1# 0-1

[Event "NAYCC U10 w"]
[Site "Montreal CAN"]
[Date "2010.08.17"]
[Round "4"]
[White "Lu, Jasmine"]
[Black "Zhu, Jiarong"]
[Result "0-1"]
[WhiteElo "650"]
[BlackElo "1130"]
[PlyCount "70"]
[EventDate "2010.08.16"]
[EventType "swiss"]
[EventRounds "7"]
[EventCountry "CAN"]

1. e4 c5 2. Nf3 e6 3. Nc3 Nc6 4. d4 cxd4 5. Nxd4 Nf6 6. Bc4 Bb4 7. Nxc6 bxc6 8.
Qd4 d5 9. Bd3 Bxc3+ 10. bxc3 O-O 11. O-O dxe4 12. Qe3 exd3 13. cxd3 Nd5 14. Qg3
Nxc3 15. Re1 Qf6 16. Bb2 Bd7 17. Rac1 Qh6 18. Bxc3 Rab8 19. Re4 Qxc1+ 20. Re1
Qxc3 21. Qe3 Rb2 22. h3 Rxa2 23. Kh2 Ra3 24. Rd1 Qc2 25. Rd2 Qc3 26. Rd1 c5 27.
Rc1 Qxd3 28. Qxc5 h6 29. f3 Rc8 30. Qh5 Qd6+ 31. Kg1 Rxc1+ 32. Kf2 Ra2+ 33. Ke3
Rc3+ 34. Ke4 Bc6+ 35. Qd5 Ra4# 0-1

[Event "NAYCC U10 w"]
[Site "Montreal CAN"]
[Date "2010.08.17"]
[Round "4"]
[White "Wang, Kelly"]
[Black "Provine, Shayna"]
[Result "1-0"]
[WhiteElo "1507"]
[BlackElo "1449"]
[PlyCount "135"]
[EventDate "2010.08.16"]
[EventType "swiss"]
[EventRounds "7"]
[EventCountry "CAN"]

1. e4 c5 2. Nf3 d6 3. d4 cxd4 4. Nxd4 Nf6 5. Nc3 a6 6. Be2 e5 7. Nb3 Be6 8. O-O
Be7 9. Be3 Nc6 10. f3 O-O 11. a4 d5 12. exd5 Nxd5 13. Nxd5 Bxd5 14. c3 f5 15.
Qc2 Qe8 16. Rfd1 Rd8 17. Rxd5 Rxd5 18. Bc4 Qf7 19. Bxd5 Qxd5 20. Rd1 Qe6 21.
Bc5 f4 22. Bxe7 Qxe7 23. Qe4 Rd8 24. Qc4+ Kh8 25. Rd5 Qh4 26. Rxd8+ Qxd8 27.
Nc5 Qb6 28. b4 h6 29. Kf1 Qc7 30. Ne4 Qd7 31. Ke2 Ne7 32. Nc5 Qc7 33. Qd3 Nc6
34. Qd7 Qxd7 35. Nxd7 Kg8 36. Nc5 Nd8 37. Kd3 Kf7 38. Ke4 Kf6 39. Nd7+ Kg5 40.
Nxe5 Ne6 41. Nd3 b6 42. Ke5 Nf8 43. Nxf4 Nd7+ 44. Kd6 Kxf4 45. Kxd7 Ke3 46. b5
axb5 47. axb5 Kf2 48. Kc6 Kxg2 49. Kxb6 Kxh2 50. Kc6 h5 51. b6 h4 52. b7 h3 53.
b8=Q+ Kg1 54. Qg3+ Kf1 55. Qxh3+ Kf2 56. Kd5 Ke3 57. c4 Kf4 58. Qg4+ Ke3 59. c5
Ke2 60. c6 Ke3 61. c7 Ke2 62. c8=Q Ke3 63. Qc3+ Kf2 64. Qgd4+ Kg3 65. Qe1+ Kxf3
66. Qdf2+ Kg4 67. Qeg1+ Kh5 68. Qfh2# 1-0

[Event "NAYCC U10 w"]
[Site "Montreal CAN"]
[Date "2010.08.17"]
[Round "4"]
[White "Yu, Cindy"]
[Black "Cao, Sophie"]
[Result "1-0"]
[WhiteElo "966"]
[BlackElo "319"]
[PlyCount "29"]
[EventDate "2010.08.16"]
[EventType "swiss"]
[EventRounds "7"]
[EventCountry "CAN"]

1. e4 b5 2. d4 d6 3. Nf3 Nf6 4. Nc3 a6 5. Bf4 Nc6 6. d5 Nb8 7. Bd3 e5 8. dxe6
fxe6 9. O-O Be7 10. e5 dxe5 11. Nxe5 O-O 12. Qf3 Ra7 13. Qg3 c6 14. Bh6 Nd5 15.
Qxg7# 1-0

[Event "NAYCC U10 w"]
[Site "Montreal CAN"]
[Date "2010.08.18"]
[Round "5"]
[White "Cao, Sophie"]
[Black "Lu, Jasmine"]
[Result "0-1"]
[WhiteElo "319"]
[BlackElo "650"]
[PlyCount "40"]
[EventDate "2010.08.16"]
[EventType "swiss"]
[EventRounds "7"]
[EventCountry "CAN"]

1. e4 e5 2. Nf3 Nc6 3. Nc3 Nf6 4. Be2 Bc5 5. O-O d6 6. Bc4 Be6 7. b3 h6 8. d3
O-O 9. h3 d5 10. exd5 Nxd5 11. a3 Nf4 12. g3 Nxh3+ 13. Kh2 Qf6 14. Be3 Bb6 15.
Ne4 Qg6 16. c3 Qh5 17. b4 Nxf2+ 18. Kg2 Nxd1 19. Rfxd1 Qh3+ 20. Kg1 Bxe3+ 0-1

[Event "NAYCC U10 w"]
[Site "Montreal CAN"]
[Date "2010.08.18"]
[Round "5"]
[White "Lu, Daisy"]
[Black "Liu (Runjie), Jennifer"]
[Result "0-1"]
[WhiteElo "652"]
[BlackElo "549"]
[PlyCount "74"]
[EventDate "2010.08.16"]
[EventType "swiss"]
[EventRounds "7"]
[EventCountry "CAN"]

1. e4 e5 2. Nf3 Nc6 3. Bc4 Nf6 4. Nc3 Bc5 5. d3 Ng4 6. O-O d6 7. h3 Nf6 8. Be3
h6 9. Qd2 Nd4 10. Nxd4 exd4 11. Nd5 Nxd5 12. exd5 dxe3 13. fxe3 Qe7 14. d4 Bb6
15. e4 Qd7 16. Qe2 Bxd4+ 17. Kh1 O-O 18. c3 Be5 19. Bb5 Qe7 20. Rf3 Qh4 21.
Raf1 Bg4 22. Qf2 Qh5 23. Re3 a6 24. Be2 Bxe2 25. Rxe2 Rae8 26. Kg1 Re7 27. Qf5
Qh4 28. Ref2 b6 29. Qg4 Qg3 30. Rf3 Qxg4 31. hxg4 Kh8 32. g5 Kg8 33. gxh6 gxh6
34. Rf5 Kh7 35. R1f3 f6 36. Rh5 Kg6 37. Rhh3 Rh7 0-1

[Event "NAYCC U10 w"]
[Site "Montreal CAN"]
[Date "2010.08.18"]
[Round "5"]
[White "Nazarov, Stephanie"]
[Black "Wang, Kelly"]
[Result "0-1"]
[WhiteElo "979"]
[BlackElo "1507"]
[PlyCount "100"]
[EventDate "2010.08.16"]
[EventType "swiss"]
[EventRounds "7"]
[EventCountry "CAN"]

1. e4 c5 2. Nf3 Nc6 3. d4 cxd4 4. Nxd4 g6 5. Bb5 Bg7 6. Nxc6 bxc6 7. Bc4 d6 8.
Nc3 Bd7 9. O-O Nf6 10. Re1 O-O 11. Bg5 Re8 12. Bxf6 Bxf6 13. Qd2 Rb8 14. Rab1
Qa5 15. a3 Rxb2 16. Rxb2 Bxc3 17. Qc1 Bxb2 18. Qd1 Bg4 19. Qb1 Bd4 20. h3 Qc5
21. Rf1 Qxc4 22. Qb3 Qxb3 23. cxb3 Be6 24. b4 Bb2 25. a4 Rb8 26. Rb1 Rxb4 27.
Kf1 Bc4+ 28. Kg1 Bd3 29. Rd1 Be5 30. g3 Rb1 31. Rxb1 Bxb1 32. Kf1 Bxe4 33. Ke2
a5 34. f3 Bc2 35. f4 Bf6 36. g4 Bxa4 37. g5 Bb5+ 38. Kd2 Bg7 39. Kc2 a4 40. Kb1
a3 41. Ka2 Bb2 42. f5 d5 43. fxg6 d4 44. Kb1 d3 45. gxh7+ Kxh7 46. g6+ fxg6 47.
Ka2 d2 48. Kb3 d1=Q+ 49. Kb4 Qd4+ 50. Ka5 Bc3# 0-1

[Event "NAYCC U10 w"]
[Site "Montreal CAN"]
[Date "2010.08.18"]
[Round "5"]
[White "Palakollu, Samritha"]
[Black "Gao, Christine"]
[Result "1-0"]
[WhiteElo "1500"]
[BlackElo "1162"]
[PlyCount "127"]
[EventDate "2010.08.16"]
[EventType "swiss"]
[EventRounds "7"]
[EventCountry "CAN"]

1. e4 c5 2. Nf3 d6 3. d4 cxd4 4. Nxd4 Nf6 5. Nc3 a6 6. Be2 e6 7. O-O Be7 8. Bg5
Nxe4 9. Bxe7 Nxc3 10. Bxd8 Nxd1 11. Raxd1 Kxd8 12. Nb3 Ke7 13. Rfe1 Nc6 14. c3
b5 15. Bf3 Bb7 16. Bxc6 Bxc6 17. Nd4 Bd5 18. b3 g6 19. Nc2 a5 20. Rxd5 Rhb8 21.
Nd4 Kd7 22. Rxb5 Rxb5 23. Nxb5 d5 24. Rd1 Kc6 25. Nd4+ Kc5 26. Nf3 f6 27. Kf1
a4 28. Ke2 axb3 29. axb3 e5 30. Nd2 Rb8 31. Rb1 Rc8 32. c4 dxc4 33. bxc4 Kd4
34. c5 Kd5 35. Rc1 f5 36. Rd1 Ke6 37. Nb3 Rb8 38. Rd3 Rc8 39. Rc3 Kd5 40. Kd3
Ke6 41. c6 Kd6 42. Na5 Rc7 43. Nb7+ Kd5 44. Rc5+ Ke6 45. Kc4 e4 46. Nd8+ Ke7
47. Nb7 Ke6 48. Kd4 Ke7 49. Re5+ Kf6 50. Kd5 h6 51. Re6+ Kf7 52. Nd8+ Kf8 53.
Kd6 Rc8 54. Kd7 Rxc6 55. Rxc6 Kg7 56. Rb6 g5 57. Ne6+ Kg6 58. Nf4+ Kf7 59. Nh5
Kf8 60. Rf6+ Kg8 61. Ke7 f4 62. Rf8+ Kh7 63. Kf7 g4 64. Nf6# 1-0

[Event "NAYCC U10 w"]
[Site "Montreal CAN"]
[Date "2010.08.18"]
[Round "5"]
[White "Yu, Cindy"]
[Black "Lim, Lilianne"]
[Result "1-0"]
[WhiteElo "966"]
[BlackElo "319"]
[PlyCount "35"]
[EventDate "2010.08.16"]
[EventType "swiss"]
[EventRounds "7"]
[EventCountry "CAN"]

1. e4 e5 2. Nf3 Nc6 3. Bc4 Nf6 4. d3 Bc5 5. c3 d6 6. O-O O-O 7. d4 exd4 8. cxd4
Bb4 9. a3 Ba5 10. b4 Bb6 11. Bg5 h6 12. Bh4 Nxe4 13. Bxd8 Nxd8 14. Re1 Ng5 15.
Nxg5 hxg5 16. Qh5 Be6 17. Bd3 Bxd4 18. Qh7# 1-0

[Event "NAYCC U10 w"]
[Site "Montreal CAN"]
[Date "2010.08.18"]
[Round "5"]
[White "Zhao, Jiayun"]
[Black "Provine, Shayna"]
[Result "0-1"]
[WhiteElo "1131"]
[BlackElo "1449"]
[PlyCount "126"]
[EventDate "2010.08.16"]
[EventType "swiss"]
[EventRounds "7"]
[EventCountry "CAN"]

1. e4 c5 2. Nf3 d6 3. d4 cxd4 4. Nxd4 Nf6 5. Nc3 a6 6. Be3 e5 7. Nf3 Be7 8. Bd3
Be6 9. O-O b5 10. Ng5 Bg4 11. Be2 h5 12. Re1 Nbd7 13. Nd5 O-O 14. Nxe7+ Qxe7
15. Qd2 Nc5 16. Bd3 Rfd8 17. b4 Nxd3 18. cxd3 d5 19. exd5 Rxd5 20. Qc3 Qd7 21.
a3 Rd8 22. h3 Bf5 23. Bb6 Rc8 24. Bc5 Re8 25. Ne4 Qc6 26. Nxf6+ Qxf6 27. d4 e4
28. a4 Rc8 29. axb5 axb5 30. Ra5 Rb8 31. Rea1 Bd7 32. Qg3 Re8 33. Ra6 Qg5 34.
Qa3 e3 35. g3 exf2+ 36. Kxf2 Qd2+ 37. Kg1 Bxh3 38. Qa2 Qe3+ 39. Qf2 Rg5 40.
Qxe3 Rxe3 41. Ra8+ Kh7 42. Bd6 Rg6 43. Bf4 Rf3 44. R8a3 Rxf4 45. d5 Rxb4 46.
Kh2 Bf5 47. Rf1 Rb2+ 48. Kg1 Rg5 49. Raf3 Be4 50. Re3 Rg2+ 51. Kh1 Re2+ 52. Kg1
Rxe3 53. Rf2 Re1+ 54. Rf1 Rxg3+ 55. Kf2 Rxf1+ 56. Kxf1 Bxd5 57. Ke2 b4 58. Kd2
h4 59. Ke2 b3 60. Kd2 h3 61. Ke1 Rg2 62. Kf1 b2 63. Ke1 b1=Q# 0-1

[Event "NAYCC U10 w"]
[Site "Montreal CAN"]
[Date "2010.08.18"]
[Round "5"]
[White "Zhu, Jiarong"]
[Black "Liu, Jiaxin (Dora)"]
[Result "0-1"]
[WhiteElo "1130"]
[BlackElo "1221"]
[PlyCount "102"]
[EventDate "2010.08.16"]
[EventType "swiss"]
[EventRounds "7"]
[EventCountry "CAN"]

1. e4 c5 2. Nf3 d6 3. d4 cxd4 4. Nxd4 Nf6 5. Nc3 a6 6. a4 e6 7. Bc4 Be7 8. O-O
O-O 9. Re1 Qc7 10. b3 Nc6 11. Ba3 Re8 12. b4 Nxb4 13. Bb5 Nc6 14. Nxc6 bxc6 15.
Bd3 Bd7 16. e5 dxe5 17. Bxe7 Rxe7 18. Ne4 Nxe4 19. Bxe4 Rd8 20. Qh5 f5 21. Qg5
Ree8 22. Bf3 Bc8 23. Rad1 Bb7 24. h3 Rxd1 25. Rxd1 c5 26. Bxb7 Qxb7 27. Rd8
Rxd8 28. Qxd8+ Kf7 29. Qd6 Qb1+ 30. Kh2 Qxc2 31. Qxa6 Qxf2 32. Qb7+ Kf6 33. a5
Qf4+ 34. g3 Qd2+ 35. Qg2 Qxa5 36. Qc2 e4 37. Qb2+ Kg6 38. Qb3 Qd2+ 39. Kg1 Kf6
40. Qc4 Qd4+ 41. Qxd4+ cxd4 42. Kf2 Ke5 43. Ke2 f4 44. gxf4+ Kxf4 45. h4 d3+
46. Ke1 Ke3 47. h5 d2+ 48. Kf1 d1=Q+ 49. Kg2 Qf3+ 50. Kh2 Kf2 51. h6 Qg2# 0-1

[Event "NAYCC U10 w"]
[Site "Montreal CAN"]
[Date "2010.08.18"]
[Round "6"]
[White "Cao, Sophie"]
[Black "Zhao, Jiayun"]
[Result "0-1"]
[WhiteElo "319"]
[BlackElo "1131"]
[PlyCount "96"]
[EventDate "2010.08.16"]
[EventType "swiss"]
[EventRounds "7"]
[EventCountry "CAN"]

1. e4 e5 2. Nf3 Nc6 3. Nc3 Nf6 4. Bc4 Be7 5. O-O O-O 6. d3 h6 7. d4 exd4 8.
Nxd4 d6 9. f3 Ne5 10. Bb3 c5 11. Nde2 Be6 12. f4 Nc6 13. f5 Bxb3 14. axb3 Ng4
15. h3 Nge5 16. Bf4 Bg5 17. Nd5 Nb4 18. c3 Nxd5 19. exd5 Qf6 20. g3 Qxf5 21. h4
Bxf4 22. gxf4 Qg4+ 23. Kf2 Qf3+ 24. Ke1 Qe3 25. b4 Nf3+ 26. Rxf3 Qxf3 27. Kd2
Qxd5+ 28. Ke1 Qxd1+ 29. Rxd1 cxb4 30. cxb4 Rfe8 31. Rd2 Re4 32. b3 Rxb4 33. Rb2
Re8 34. Kd1 Re3 35. h5 Rbxb3 36. Rd2 Rbd3 37. Rxd3 Rxd3+ 38. Ke1 a5 39. Kf1 a4
40. Nc1 Rd1+ 41. Kf2 Rxc1 42. Kg2 a3 43. Kf3 a2 44. Ke4 a1=Q 45. Kd5 Rc5+ 46.
Kxd6 Qd4+ 47. Ke7 Rc7+ 48. Ke8 Qd7# 0-1

[Event "NAYCC U10 w"]
[Site "Montreal CAN"]
[Date "2010.08.18"]
[Round "6"]
[White "Gao, Christine"]
[Black "Lim, Lilianne"]
[Result "1-0"]
[WhiteElo "1162"]
[BlackElo "319"]
[PlyCount "55"]
[EventDate "2010.08.16"]
[EventType "swiss"]
[EventRounds "7"]
[EventCountry "CAN"]

1. e4 e5 2. Nf3 Nc6 3. d4 exd4 4. Nxd4 Nxd4 5. Qxd4 b6 6. Nc3 Ne7 7. Bc4 Nc6 8.
Qd1 d6 9. Bd2 Bd7 10. O-O Be7 11. Nd5 Bh4 12. Bc3 Na5 13. Bxg7 Rg8 14. Qd4 c5
15. Qc3 Be6 16. Bb5+ Bd7 17. Bxd7+ Qxd7 18. Bf6 Rf8 19. Bxh4 b5 20. Nf6+ Kd8
21. Nxd7+ Kxd7 22. Rad1 Nc6 23. e5 Nxe5 24. Qxe5 Rae8 25. Qxd6+ Kc8 26. Qc6+
Kb8 27. Bg3+ Re5 28. Bxe5# 1-0

[Event "NAYCC U10 w"]
[Site "Montreal CAN"]
[Date "2010.08.18"]
[Round "6"]
[White "Liu (Runjie), Jennifer"]
[Black "Yu, Cindy"]
[Result "0-1"]
[WhiteElo "549"]
[BlackElo "966"]
[PlyCount "74"]
[EventDate "2010.08.16"]
[EventType "swiss"]
[EventRounds "7"]
[EventCountry "CAN"]

1. e4 c5 2. Nf3 d6 3. Bc4 Nf6 4. Nc3 g6 5. Ng5 e6 6. d3 Bg7 7. a4 O-O 8. Qf3
Nc6 9. O-O Nd4 10. Qh3 Nxc2 11. Rb1 Nd4 12. Qh4 Nh5 13. Re1 h6 14. Nf3 Nxf3+
15. gxf3 Qxh4 16. Kf1 Qxh2 17. Ke2 Bd4 18. Nd1 Nf4+ 19. Kd2 Be3+ 20. Rxe3 d5
21. Bb5 a6 22. Bc4 dxc4 23. dxc4 Rd8+ 24. Kc3 e5 25. Bd2 Be6 26. Kc2 Bxc4 27.
b3 Bd3+ 28. Kc1 Bxb1 29. Kxb1 Rxd2 30. Kc1 Rxd1+ 31. Kxd1 Qxf2 32. Re1 Rd8+ 33.
Kc1 Qd2+ 34. Kb1 Qxe1+ 35. Kc2 Qd2+ 36. Kb1 Qe2 37. Ka1 Rd1# 0-1

[Event "NAYCC U10 w"]
[Site "Montreal CAN"]
[Date "2010.08.18"]
[Round "6"]
[White "Lu, Daisy"]
[Black "Lu, Jasmine"]
[Result "1-0"]
[WhiteElo "652"]
[BlackElo "650"]
[PlyCount "43"]
[EventDate "2010.08.16"]
[EventType "swiss"]
[EventRounds "7"]
[EventCountry "CAN"]

1. e4 e5 2. Nf3 Nc6 3. Bc4 Bc5 4. d3 h6 5. Be3 Bb6 6. Nc3 Nf6 7. h3 d6 8. Qd2
Be6 9. Bb3 O-O 10. O-O-O a5 11. a4 Bxb3 12. cxb3 Bc5 13. d4 exd4 14. Nxd4 Nxd4
15. Bxd4 Qe8 16. Rhe1 Qc6 17. Bxf6 Ra6 18. Bxg7 Re8 19. Bxh6 Rxe4 20. Rxe4 Rb6
21. Qg5+ Kh8 22. Qg7# 1-0

[Event "NAYCC U10 w"]
[Site "Montreal CAN"]
[Date "2010.08.18"]
[Round "6"]
[White "Provine, Shayna"]
[Black "Palakollu, Samritha"]
[Result "0-1"]
[WhiteElo "1449"]
[BlackElo "1500"]
[PlyCount "159"]
[EventDate "2010.08.16"]
[EventType "swiss"]
[EventRounds "7"]
[EventCountry "CAN"]

1. e4 e5 2. Nf3 Nc6 3. Bb5 a6 4. Ba4 Nf6 5. O-O b5 6. Bb3 Be7 7. Re1 d6 8. h3
Na5 9. c3 Nxb3 10. Qxb3 O-O 11. d4 exd4 12. cxd4 h6 13. Nbd2 Bb7 14. d5 Re8 15.
Nf1 Bf8 16. Ng3 c6 17. dxc6 Bxc6 18. Qd3 Qc7 19. Bd2 Qb7 20. Nd4 Bxe4 21. Nxe4
Nxe4 22. Bf4 Qd5 23. b3 g6 24. Rad1 Nc5 25. Qd2 Rxe1+ 26. Rxe1 Bg7 27. Nf3 Qxd2
28. Bxd2 Kf8 29. Kh2 Nd3 30. Re2 Re8 31. Rxe8+ Kxe8 32. Kg3 h5 33. Ng5 d5 34.
f4 Bb2 35. Nf3 Bc1 36. h4 Kd7 37. Bxc1 Nxc1 38. a4 Nxb3 39. axb5 axb5 40. Ne5+
Ke6 41. Kf3 Nd2+ 42. Ke2 Nc4 43. Nd3 Kf5 44. Kf3 Nd2+ 45. Ke3 Ne4 46. Nb4 Nf6
47. Kf3 d4 48. Nc2 d3 49. Ne3+ Ke6 50. Nd1 Nd5 51. g3 b4 52. Ke4 Nc3+ 53. Kxd3
Nxd1 54. Kc4 Kf5 55. Kxb4 Kg4 56. Kc4 Kxg3 57. Kd3 Kxf4 58. Ke2 Nc3+ 59. Kf2
Kg4 60. Kg2 Kxh4 61. Kh2 f5 62. Kg2 g5 63. Kf2 g4 64. Kg2 f4 65. Kg1 Kh3 66.
Kf1 g3 67. Kg1 Ne2+ 68. Kf1 g2+ 69. Kxe2 g1=Q 70. Kf3 Qg3+ 71. Ke2 f3+ 72. Ke3
f2+ 73. Kd4 f1=Q 74. Ke4 Qge1+ 75. Kd4 Qf6+ 76. Kd3 Qd6+ 77. Kc2 Qe4+ 78. Kc3
Qdd3+ 79. Kb2 Qee2+ 80. Kc1 0-1

[Event "NAYCC U10 w"]
[Site "Montreal CAN"]
[Date "2010.08.18"]
[Round "6"]
[White "Wang, Kelly"]
[Black "Liu, Jiaxin (Dora)"]
[Result "1/2-1/2"]
[WhiteElo "1507"]
[BlackElo "1221"]
[PlyCount "113"]
[EventDate "2010.08.16"]
[EventType "swiss"]
[EventRounds "7"]
[EventCountry "CAN"]

1. e4 c5 2. Nf3 d6 3. c3 Nf6 4. Be2 Nc6 5. d4 cxd4 6. cxd4 e6 7. Nc3 h6 8. O-O
Be7 9. h3 O-O 10. Be3 b6 11. Rc1 Bb7 12. Bd3 Rc8 13. Qe2 Nb4 14. a3 Nxd3 15.
Qxd3 a6 16. Nd2 Nd7 17. f3 b5 18. Bf2 Bf6 19. Ne2 Qe7 20. Rxc8 Rxc8 21. Rc1
Rxc1+ 22. Nxc1 e5 23. d5 Bh4 24. g3 Bf6 25. b4 Nf8 26. Qc3 Ng6 27. Bb6 Kf8 28.
Qc7 Qxc7 29. Bxc7 Ke7 30. Kf2 Kd7 31. Bb6 Bd8 32. Bxd8 Kxd8 33. Ke3 Ke7 34. Nd3
f6 35. h4 Kd7 36. h5 Nh8 37. f4 Nf7 38. fxe5 Nxe5 39. Nxe5+ fxe5 40. Nf3 Ke7
41. Nh4 Bc8 42. Kf3 Kf6 43. Ng6 Kg5 44. Ne7 Bd7 45. Nc6 Kxh5 46. Nb8 Bc8 47.
Nc6 Kg5 48. Ne7 Bd7 49. Kf2 h5 50. Kg2 h4 51. gxh4+ Kxh4 52. Kf3 g5 53. Ng6+
Kh3 54. Nf8 g4+ 55. Kf2 Be8 56. Kg1 Kg3 57. Ne6 1/2-1/2

[Event "NAYCC U10 w"]
[Site "Montreal CAN"]
[Date "2010.08.18"]
[Round "6"]
[White "Zhu, Jiarong"]
[Black "Nazarov, Stephanie"]
[Result "1-0"]
[WhiteElo "1130"]
[BlackElo "979"]
[PlyCount "135"]
[EventDate "2010.08.16"]
[EventType "swiss"]
[EventRounds "7"]
[EventCountry "CAN"]

1. e4 e5 2. Nf3 Nc6 3. Bb5 a6 4. Bxc6 dxc6 5. h3 Nf6 6. O-O Bc5 7. Nxe5 Qd4 8.
Nf3 Qd6 9. e5 Qe6 10. exf6 Qxf6 11. d4 Bd6 12. Nc3 O-O 13. Re1 Bf5 14. d5 Bb4
15. Bg5 Qg6 16. a3 Ba5 17. b4 Bb6 18. Qd2 h6 19. Nh4 Qd6 20. Be7 Qd7 21. Bxf8
Rxf8 22. Nxf5 Qxf5 23. dxc6 bxc6 24. Re2 a5 25. Rae1 Kh7 26. Qd3 Qxd3 27. cxd3
Rd8 28. Rd1 axb4 29. axb4 Rd4 30. Re7 f6 31. Na4 Rxb4 32. Nxb6 cxb6 33. d4 Rb5
34. Rc7 Rd5 35. Rxc6 b5 36. Rc5 Rd8 37. Rxb5 Kg8 38. d5 Kf8 39. d6 Kf7 40. d7
Ke7 41. f4 g6 42. g4 g5 43. fxg5 fxg5 44. Kg2 Ke6 45. Kg3 Ke7 46. h4 gxh4+ 47.
Kxh4 Kf7 48. Rc5 Ke6 49. Kh5 Ke7 50. Re5+ Kf7 51. Re8 Rxe8 52. dxe8=Q+ Kxe8 53.
Kxh6 Kf7 54. g5 Kg8 55. Rf1 Kh8 56. Kg6 Kg8 57. Kf6 Kf8 58. Ke6+ Kg7 59. g6
Kxg6 60. Rg1+ Kh5 61. Kf6 Kh4 62. Kf5 Kh3 63. Kf4 Kh2 64. Rg8 Kh3 65. Rg7 Kh2
66. Kf3 Kh1 67. Kf2 Kh2 68. Rh7# 1-0

[Event "NAYCC U10 w"]
[Site "Montreal CAN"]
[Date "2010.08.19"]
[Round "7"]
[White "Gao, Christine"]
[Black "Wang, Kelly"]
[Result "1/2-1/2"]
[WhiteElo "1162"]
[BlackElo "1507"]
[PlyCount "25"]
[EventDate "2010.08.16"]
[EventType "swiss"]
[EventRounds "7"]
[EventCountry "CAN"]

1. e4 c5 2. Nf3 Nc6 3. d4 cxd4 4. Nxd4 g6 5. Nc3 Bg7 6. Be3 Nf6 7. Be2 O-O 8.
O-O d6 9. h3 Bd7 10. Bf3 Rc8 11. Qd2 Re8 12. Rfe1 Ne5 13. Rab1 1/2-1/2

[Event "NAYCC U10 w"]
[Site "Montreal CAN"]
[Date "2010.08.19"]
[Round "7"]
[White "Lim, Lilianne"]
[Black "Lu, Daisy"]
[Result "0-1"]
[WhiteElo "319"]
[BlackElo "652"]
[PlyCount "40"]
[EventDate "2010.08.16"]
[EventType "swiss"]
[EventRounds "7"]
[EventCountry "CAN"]

1. e4 e5 2. Nf3 Nc6 3. Bb5 a6 4. Bxc6 dxc6 5. d3 Bg4 6. Nc3 Nf6 7. Bg5 h6 8.
Be3 Bb4 9. a3 Bd6 10. h3 Bh5 11. O-O Qe7 12. Na4 Nd7 13. Qd2 Bxf3 14. gxf3 Qf6
15. Rfe1 Qxf3 16. Nc3 O-O-O 17. b4 Rhe8 18. h4 Re6 19. Re2 Rg6+ 20. Kh2 Qg2#
0-1

[Event "NAYCC U10 w"]
[Site "Montreal CAN"]
[Date "2010.08.19"]
[Round "7"]
[White "Liu, Jiaxin (Dora)"]
[Black "Cao, Sophie"]
[Result "1-0"]
[WhiteElo "1221"]
[BlackElo "319"]
[PlyCount "63"]
[EventDate "2010.08.16"]
[EventType "swiss"]
[EventRounds "7"]
[EventCountry "CAN"]

1. e4 e5 2. Nf3 Nf6 3. Nxe5 d6 4. Nf3 Bg4 5. d3 Nc6 6. Be3 Be7 7. Be2 Rf8 8.
O-O b6 9. Nc3 h6 10. Nd2 Be6 11. Bf3 d5 12. exd5 Nxd5 13. Ne2 Ne5 14. Be4 f6
15. Bd4 c6 16. Bxe5 fxe5 17. c4 b5 18. cxd5 cxd5 19. Bg6+ Bf7 20. Bxf7+ Rxf7
21. Qb3 Kf8 22. Nf3 a6 23. Nxe5 Rf5 24. Ng6+ Kg8 25. Nxe7+ Qxe7 26. Ng3 Re5 27.
d4 Rf5 28. f4 Rf6 29. Qxd5+ Kf8 30. Qxa8+ Kf7 31. Rae1 Qd6 32. Qe8# 1-0

[Event "NAYCC U10 w"]
[Site "Montreal CAN"]
[Date "2010.08.19"]
[Round "7"]
[White "Liu (Runjie), Jennifer"]
[Black "Zhu, Jiarong"]
[Result "0-1"]
[WhiteElo "549"]
[BlackElo "1130"]
[PlyCount "60"]
[EventDate "2010.08.16"]
[EventType "swiss"]
[EventRounds "7"]
[EventCountry "CAN"]

1. e4 c5 2. Bc4 e6 3. Nf3 Nc6 4. d3 h6 5. Bf4 Nf6 6. h3 Be7 7. Nc3 O-O 8. a3 d5
9. Bb5 dxe4 10. Ne5 Nxe5 11. Bxe5 exd3 12. cxd3 Nd5 13. Ne4 Qa5+ 14. Nc3 Nxc3
15. bxc3 Qxb5 16. Rb1 Qd7 17. Qg4 f6 18. Bf4 Qxd3 19. Rd1 Qe4+ 20. Kf1 e5 21.
Qh5 exf4 22. Re1 Qd3+ 23. Re2 Bf5 24. Rg1 Qb1+ 25. Re1 Bd3+ 26. Qe2 Bxe2+ 27.
Kxe2 Qc2+ 28. Kf1 Rfd8 29. Rxe7 Rd1+ 30. Re1 Qd3# 0-1